000 00730nam a2200217Ii 4500
003 JO-AjNU
008 230605s9999||||xx |||||||||||||| ||und||
017 _a2010/5/1874
040 _aJO-AjNU
_bara
_erda
_cJO-AjNU
041 _aara
050 1 4 _aHF5681 2011
100 3 _aابو هيبة، حامد طلبة محمد,
_eauthor
_930042
245 0 0 _aاصول المحاسبة المالية
250 _aط1
264 3 1 _aعمان: زمزم ناشرون وموزعون، 2011
300 _a368ص
_bيحتوي على ببلوغرافية من ص365-368ص
336 _atext
_btxt
_2rdacontent
337 _aunmediated
_bn
_2rdamedia
338 _avolume
_bnc
_2rdacarrier
650 4 _aالمحاسبة المالية
_930043
999 _aA11862
_c15430
_d15430